| 000 | 00489nam a22001817a 4500 | ||
|---|---|---|---|
| 005 | 20251108164107.0 | ||
| 008 | 250721s1998 xx 000 0 ara d | ||
| 082 | 1 | 4 | _a340/خال |
| 100 | 1 | _aالزعبي، خالد | |
| 245 | 1 | 0 | _aالمدخل إلى علم القانون / |
| 250 | _aط2 | ||
| 264 | 1 |
_aعمان : _bمكتبة دار الثقافه، _c1998. |
|
| 300 | _a367ص | ||
| 650 | 1 | 7 | _aالقانون |
| 700 | 1 | _aالفضل، منذر | |
| 942 |
_2ddc _cBK |
||
| 999 |
_c3449 _d3449 |
||